| 000 | 00540cam a22002291 4500 | ||
|---|---|---|---|
| 001 | sa 63001696 | ||
| 003 | DLC | ||
| 005 | 20260227111929.0 | ||
| 008 | 950123s1962 ii 000 0 tamo | ||
| 010 | _asa 63001696 | ||
| 025 | _aPL480:I-T-79 | ||
| 035 | _a(OCoLC)31873986 | ||
| 040 |
_aDLC _cCU _dCU _dDLC |
||
| 042 | _apremarc | ||
| 050 | 0 | 0 |
_aPL4758.9.S47 _bK3 |
| 100 | 1 |
_aShanmugam, R., _d1926- |
|
| 245 | 1 | 0 | _aKar̲pin̲ cuṭar nī. |
| 260 | _c[1962] | ||
| 300 |
_a147 p. _c19 cm. |
||
| 500 | _aIn Tamil. | ||
| 500 | _aA play. | ||
| 999 |
_c54081 _d54081 |
||